| 000 | 00393nam a2200133Ia 4500 | ||
|---|---|---|---|
| 008 | 210210b1961 xxu||||| |||| 00| 0 eng d | ||
| 082 | _a320.5 BRON | ||
| 100 | _aBROWN (D Mackenzie). | ||
| 245 | _aNationalist movement : Indian political thought from Ranade. | ||
| 260 |
_aLos Angeles. _bUniversity of California Press. _c1961 |
||
| 300 | _a244 | ||
| 690 | _aPolitical Thought | ||
| 906 | _a041841 | ||
| 999 |
_c91871 _d91871 |
||